NFL Hall of Fame Inductees - Statistics

General Stats
  • This quiz has been taken 128 times
    106 since last reset
  • The average score is 164 of 354
Answer Stats
Year Name Team % Correct
2025 Jared Allen Chiefs/Vikings/Bears/Panthers
92%
2002 George Allen Rams/Commanders HC
90%
2003 Marcus Allen Raiders/Chiefs
90%
2013 Larry Allen Cowboys/49ers
88%
2024 Andre Johnson Texans/Colts/Titans
85%
2021 Calvin Johnson Lions
85%
2009 Derrick Thomas Chiefs
85%
2008 Emmitt Thomas Chiefs
85%
2020 Jimmy Johnson Cowboys/Dolphins HC
85%
1994 Jimmy Johnson 49ers
85%
2023 Joe Thomas Browns
85%
1987 John Henry Johnson 49ers/Lions/Steelers/Oilers
85%
2007 Thurman Thomas Bills/Dolphins
85%
2023 Zach Thomas Dolphins/Cowboys
85%
2025 Antonio Gates Chargers
83%
2004 Barry Sanders Lions
83%
2004 Bob "Boomer" Brown Eagles/Rams/Raiders
83%
2009 Bruce Smith Bills/Commanders
83%
2007 Charlie Sanders Lions
83%
2008 Darrell Green Commanders
83%
2011 Deion Sanders Falcons/49ers/Cowboys/Commanders/Ravens
83%
2010 Emmitt Smith Cowboys/Cardinals
83%
1994 Jackie Smith Cardinals/Cowboys
83%
1971 Jim Brown Browns
83%
2016 Kevin Greene Rams/Steelers/Panthers/49ers
83%
1967 Paul Brown Browns/Bengals HC
83%
1975 Roosevelt Brown Giants
83%
2011 Shannon Sharpe Broncos/Ravens
83%
2025 Sterling Sharpe Packers
83%
2015 Tim Brown Raiders/Buccaneers
83%
1984 Willie Brown Broncos/Raiders
83%
1984 Charley Taylor Commanders
81%
1980 David "Deacon" Jones Rams/Chargers/Commanders
81%
2017 Jason Taylor Dolphins/Commanders/Jets
81%
1976 Jim Taylor Packers/Saints
81%
1999 Lawrence Taylor Giants
81%
2021 Peyton Manning Colts/Broncos
81%
1991 Stan Jones Bears
81%
2014 Walter Jones Seahawks
81%
2020 Cliff Harris Cowboys
80%
1990 Franco Harris Steelers/Seahawks
80%
2010 Jerry Rice 49ers/Raiders/Seahawks
80%
2004 John Elway Broncos
80%
1993 Walter Payton Bears
80%
2025 Eric Allen Eagles/Saints/Raiders
78%
2000 Joe Montana 49ers/Chiefs
78%
2014 Andre Reed Bills/Commanders
76%
2005 Dan Marino Dolphins
76%
2019 Ed Reed Ravens/Jets/Texans
76%
2006 Troy Aikman Cowboys
76%
2016 Brett Favre Falcons/Packers/Jets/Vikings
75%
2018 Randy Moss Vikings/Raiders/Patriots/Titans/49ers
75%
2018 Ray Lewis Ravens
75%
2005 Steve Young Buccaneers/49ers
75%
2006 Warren Moon Oilers/Vikings/Seahawks/Chiefs
75%
2013 Warren Sapp Buccaneers/Raiders
75%
1992 Al Davis Raiders HC/Owner
73%
2022 Bryant Young 49ers
73%
1993 Dan Fouts Chargers
73%
2002 Jim Kelly Bills
73%
2017 Terrell Davis Broncos
73%
1989 Terry Bradshaw Steelers
73%
1981 Willie Davis Browns/Packers
73%
1977 Bart Starr Packers
71%
1967 Bobby Layne Bears/New York Bulldogs*/Lions/Eagles
71%
1979 Johnny Unitas Colts/Chargers
71%
1994 Leroy Kelly Browns
71%
2007 Michael Irvin Cowboys
71%
1988 Mike Ditka Bears/Eagles/Cowboys
71%
1995 Steve Largent Seahawks
71%
2023 Darrelle Revis Jets/Buccaneers/Patriots/Chiefs
69%
1986 Fran Tarkenton Vikings/Giants
69%
1990 Jack Lambert Steelers
69%
2017 LaDainian Tomlinson Chargers/Jets
69%
1965 Otto Graham Browns
69%
1994 Randy White Cowboys
69%
2006 Reggie White Eagles/Packers/Panthers
69%
1987 "Mean" Joe Greene Steelers
68%
1985 O.J. Simpson Bills/49ers
68%
1998 Anthony Munoz Bengals
66%
1985 Joe Namath Jets/Rams
66%
2016 Marvin Harrison Colts
66%
2019 Tony Gonzalez Chiefs/Falcons
66%
1988 Alan Page Vikings/Bears
64%
2024 Devin Hester Bears/Falcons/Ravens/Seahawks
64%
1988 Jack Ham Steelers
64%
2017 Kurt Warner Rams/Giants/Cardinals
64%
1987 Larry Csonka Dolphins/Giants
64%
2011 Marshall Faulk Colts/Rams
64%
2010 Rickey Jackson Saints/49ers
64%
1985 Roger Staubach Cowboys
64%
2023 Ronde Barber Buccaneers
64%
2018 Brian Urlacher Bears
63%
2012 Dermontti Dawson Steelers
63%
1999 Eric Dickerson Rams/Colts/Raiders/Falcons
63%
1987 Len Dawson Steelers/Browns/Chiefs
63%
2001 Lynn Swann Steelers
63%
1989 Willie Wood Packers
63%
2020 Bill Cowher Steelers HC
61%
2007 Bruce Matthews Oilers/Titans
61%
1979 Dick Butkus Bears
61%
1991 Earl Campbell Oilers/Saints
61%
2016 Ken Stabler Raiders/Oilers/Saints
61%
1998 Mike Singletary Bears
61%
1971 Norm Van Brocklin Rams/Eagles
61%
1963 Sammy Baugh Commanders
61%
1966 Steve Owen Kansas City Blues*/Giants
61%
1971 Vince Lombardi Packers/Commanders HC
61%
2014 Aeneas Williams Cardinals/Rams
59%
1993 Chuck Noll Steelers HC
59%
1977 Gale Sayers Bears
59%
2024 Julius Peppers Panthers/Bears/Packers
59%
2024 Patrick Willis 49ers
59%
2000 Ronnie Lott 49ers/Raiders/Jets
59%
1965 Sid Luckman Bears
59%
1977 Bill Willis Browns
58%
1990 Bob Griese Dolphins
58%
2012 Curtis Martin Patriots/Jets
58%
2014 Derrick Brooks Buccaneers
58%
2020 Edgerrin James Colts/Cardinals/Seahawks
58%
2021 John Lynch Buccaneers/Broncos
58%
2006 John Madden Raiders HC
58%
1989 Mel Blount Steelers
58%
2014 Ray Guy Raiders
58%
1965 Steve Van Buren Eagles
58%
2022 Tony Boselli Jaguars
58%
1971 Y.A. Tittle Colts/49ers/Giants
58%
2021 Charles Woodson Raiders/Packers
56%
2013 Cris Carter Eagles/Vikings/Dolphins
56%
1963 Don Hutson Packers
56%
2020 Isaac Bruce Rams/49ers
56%
1980 Jim Otto Raiders
56%
1963 Jim Thorpe Canton Bulldogs*/Cleveland Indians*/Oorang Indians*/ Rock Island Independents*/ Giants/Cardinals
56%
1991 John Hannah Patriots
56%
1992 John Riggins Jets/Commanders
56%
1978 Larry Wilson Cardinals
56%
2009 Rod Woodson Steelers/49ers/Ravens/Raiders
56%
2023 DeMarcus Ware Cowboys/Broncos
54%
1981 George Blanda Bears/Colts/Oilers/Raiders
54%
1963 George Halas Bears
54%
1995 Kellen Winslow Chargers
54%
2022 Sam Mills Saints/Panthers
54%
2018 Terrell Owens 49ers/Eagles/Cowboys/Bills/Bengals
54%
1963 Bronko Nagurski Bears
53%
2023 Don Coryell Cardinals/Chargers HC
53%
2024 Dwight Freeney Colts/Chargers/Cardinals/Falcons/Seahawks/Lions
53%
1963 Earl "Dutch" Clark Portsmouth Spartans/Lions
53%
1969 Joe Perry 49ers
53%
2002 John Stallworth Steelers
53%
1982 Merlin Olsen Rams
53%
1973 Raymond Berry Colts
53%
2008 Art Monk Commanders/Jets/Eagles
51%
1983 Bobby Bell Chiefs
51%
2012 Cortez Kennedy Seahawks
51%
1997 Don Shula Colts/Dolphins HC
51%
1963 Earl "Curly" Lambeau Packers
51%
1978 Lance Alworth Chargers/Cowboys
51%
1995 Lee Roy Selmon Buccaneers
51%
1975 Lenny Moore Colts
51%
1997 Mike Webster Steelers/Chiefs
51%
1990 Tom Landry Cowboys HC
51%
1999 Tom Mack Rams
51%
2016 Tony Dungy Buccaneers/Colts HC
51%
2020 Troy Polamalu Steelers
51%
1989 Art Shell Raiders
49%
1974 Bill George Bears/Rams
49%
1972 Clarence "Ace" Parker Brooklyn Dodgers*/Boston Yanks*/New York Yankees*
49%
2020 Donnie Shell Steelers
49%
1987 Gene Upshaw Raiders
49%
1973 Jim Parker Colts
49%
2013 Bill Parcells Giants/Patriots/Jets/Cowboys HC
47%
2004 Carl Eller Vikings/Seahawks
47%
1966 Clyde "Bulldog" Turner Bears
47%
1987 Don Maynard Giants/Jets/Cardinals
47%
2001 Jack Youngblood Rams
47%
2015 Junior Seau Chargers/Dolphins/Patriots
47%
1968 Marion Motley Browns/Steelers
47%
1997 Mike Haynes Patriots/Raiders
47%
2024 Steve McMichael Patriots/Bears/Packers
47%
1978 Weeb Ewbank Colts/Jets HC
47%
1967 Chuck Bednarik Eagles
46%
1974 Dick "Night Train" Lane Rams/Cardinals/Lions
46%
1982 Doug Atkins Browns/Bears/Saints
46%
1980 Herb Adderley Packers/Cowboys
46%
1996 Joe Gibbs Commanders HC
46%
1992 John Mackey Colts/Chargers
46%
2010 John Randle Vikings/Seahawks
46%
2013 Jonathan Ogden Ravens
46%
1963 Mel Hein Giants
46%
1983 Paul Warfield Browns/Dolphins
46%
2024 Randy Gradishar Broncos
46%
1978 Ray Nitschke Packers
46%
1993 Bill Walsh 49ers HC
44%
1980 Bob Lilly Cowboys
44%
1994 Bud Grant Vikings HC
44%
2010 Floyd Little Broncos
44%
1972 Gino Marchetti Chiefs/Colts
44%
1963 Harold "Red" Grange Bears/New York Yankees*
44%
2018 Jerry Kramer Packers
44%
1993 Larry Little Chargers/Dolphins
44%
2001 Marv Levy Chiefs/Bills HC
44%
2020 Steve Hutchinson Seahawks/Vikings/Titans
44%
2019 Ty Law Patriots/Jets/Chiefs/Broncos
44%
1963 Ernie Nevers Duluth Eskimos*/Cardinals
42%
2003 Hank Stram Cowboys/Chiefs/Saints HC
42%
2006 Harry Carson Giants
42%
1963 John "Blood" McNally Milwaukee Badgers*/ Duluth Eskimos*/Pottsville Maroons*/Packers/Steelers
42%
1990 Junious "Buck"Buchanan Chiefs
42%
2017 Morten Anderson Saints/Falcons/Giants/Chiefs/Vikings
42%
1986 Willie Lanier Chiefs
42%
1965 Bob Waterfield Browns/Rams
41%
1977 Forrest Gregg Packers/Cowboys
41%
2008 Fred Dean Chargers/49ers
41%
2023 Joe Klecko Jets/Colts
41%
2017 Kenny Easley Seahawks
41%
2009 Randall McDaniel Vikings/Buccaneers
41%
2021 Tom Flores Raiders/Seahawks HC
41%
2015 Charles Haley 49ers/Cowboys
39%
1986 Doak Walker Lions
39%
1970 Jack Christiansen Lions
39%
2023 Ken Riley Bengals
39%
1983 Sonny Jurgensen Eagles/Commanders
39%
1990 Bob St. Clair 49ers
37%
2018 Brian Dawkins Eagles/Broncos
37%
1996 Charlie Joiner Oilers/Bengals/Chargers
37%
2022 Dick Vermeil Eagles/Rams/Chiefs HC
37%
2021 Drew Pearson Cowboys
37%
1977 Frank Gifford Giants
37%
1973 Joe Schmidt Lions
37%
2011 Richard Dent Bears/49ers/Colts/Eagles
37%
1998 Tommy McDonald Ealges/Cowboys/Rams/Falcons/Browns
37%
2023 Chuck Howley Bears/Cowboys
36%
1996 Dan Dierdorf Cardinals
36%
1967 Emlen Tunnell Giants/Packers
36%
2014 Michael Strahan Giants
36%
2016 Orlando Pace Rams/Bears
36%
1963 Robert "Cal" Hubbard Giants/Packers/Steelers
36%
1979 Ron Mix Chargers/Raiders
36%
1990 Ted Hendricks Colts/Packers/Raiders
36%
1999 Billy Shaw Bills
34%
2003 James Lofton Packers/Raiders/Bills/Rams/Eagles
34%
1991 Jan Stenerud Chiefs/Packers/Vikings
34%
2015 Jerome Bettis Rams/Steelers
34%
1987 Jim Langer Dolphins/Vikings
34%
1966 Arnie Herber Packers/Giants
32%
2009 Bob Hayes Cowboys/49ers
32%
2002 Dave Casper Raiders/Oilers/Vikings
32%
2013 Dave Robinson Packers/Commanders
32%
1968 Elroy "Crazylegs" Hirsch Bears/Rams
32%
1970 Hugh McElhenny 49ers/Vikings/Giants/Lions
32%
1964 Jimmy Conzelman Bears/Rock Island Independents*/Milwaukee Badgers*/Detroit Panthers*/ Providence Steam Rollers*
32%
2019 Johnny Robinson Chiefs
32%
2020 Duke Slater Rock Island Independents*/Cardinals
31%
1998 Dwight Stephenson Dolphins
31%
2001 Jackie Slater Rams
31%
2015 Mick Tingelhoff Vikings
31%
1970 Pete Pihos Eagles
31%
1964 Clarke Hinkle Packers
29%
1965 Dan Fortmann Bears
29%
1975 Dante Lavelli Browns
29%
1986 Paul Hornung Packers
29%
1998 Paul Krause Commanders/Vikings
29%
1994 Tony Dorsett Cowboys/Broncos
29%
2020 Winston Hill Jets/Rams
29%
1971 Bill Hewitt Bears/Eagles/Steagles
27%
2019 Champ Bailey Commanders/Broncos
27%
2022 Cliff Branch Raiders
27%
1986 Ken Houston Oilers/Commanders
27%
1996 Lou Creekmur Lions
27%
1983 Sid Gillman Chargers/Oilers HC
27%
2020 Steve Atwater Broncos/Jets
27%
1974 Tony Canadeo Packers
27%
2005 Fritz Pollard Akron Pros*/Milwaukee Badgers*/Hammond Pros*/ Providence Steam Rollers*/ Gilberton Cadamounts*
25%
1995 Henry Jordan Browns/Packers
25%
2000 Howie Long Raiders
25%
1981 Jim Ringo Packers/Eagles
25%
1963 Wilbur "Pete" Henry Canton Bulldogs*/Giants/Pottsville Maroons*
25%
2021 Alan Faneca Steelers/Jets/Cardinals
24%
2013 Curley Culp Chiefs/Oilers/Lions
24%
2003 Joe DeLamielleur Bills/Browns
24%
1982 Sam Huff Giants/Commanders
24%
1979 Yale Lary Lions
24%
2008 Andre Tippett Patriots
22%
1968 Charley Trippi Cardinals
22%
2001 Ron Yary Vikings/Rams
22%
2012 Willie Roaf Saints/Chiefs
22%
2020 Alex Karras Lions
20%
2012 Chris Doleman Vikings/Falcons/49ers
20%
2003 Elvin Bethea Oilers
20%
2008 Gary Zimmerman Vikings/Broncos
20%
1999 Ozzie Newsome Browns
20%
1968 Art Donovan Colts/New York Yanks*/Chiefs
19%
1974 Lou Groza Browns
19%
2022 Richard Seymour Patriots/Raiders
19%
2018 Robert Brazile Oilers
19%
2015 Will Shields Chiefs
19%
2020 Bobby Dillon Packers
17%
1975 George Conner Bears
17%
2012 Jack Butler Steelers
17%
2019 Kevin Mawae Seahawks/Jets/Titans
17%
2022 LeRoy Butler Packers
17%
1996 Mel Renfro Cowboys
17%
1970 Tom Fears Rams
17%
1983 Bobby Mitchell Browns/Commanders
15%
2002 Dan Hampton Bears
15%
2010 Dick LeBeau Lions
15%
1965 John "Paddy" Driscoll Cardinals/Bears
15%
1972 Ollie Matson Cardinals/Rams/Eagles
15%
1971 Andy Robustelli Rams/Giants
14%
1969 Ernie Stautner Steelers
14%
2020 Harold Carmicheal Eagles/Cowboys
14%
2014 Claude Humphrey Falcons/Eagles
12%
1985 Frank Gatski Browns/Lions
12%
2001 Mike Munchak Oilers
12%
2001 Nick Buoniconti Patriots/Dolphins
12%
2006 Rayfield Wright Cowboys
12%
2020 Mac Speedie Browns
10%
1968 Cliff Battles Boston Braves/Commanders
8%
1965 Guy Chamberlin Bears/Canton Bulldogs*/Frankford YellowJackets*/Cardinals
8%
2020 Jimbo Covert Bears
8%
1967 Ken Strong Staten Island Stapletons*/New York Yankees*/Giants
8%
1992 Lem Barney Lions
8%
2010 Russ Grimm Commanders
8%
1978 Alphonse "Tuffy" Leemans Giants
7%
2005 Benny Friedman Browns/Lions/Giants/Brooklyn Dodgers*
7%
2000 Dave Wilcox 49ers
7%
2016 Dick Stanfel Lions/Commanders
7%
1964 Ed Healey Rock Island Independents*/Bears
7%
2007 Gene Hickerson Browns
7%
1966 George McAfee Bears
7%
1982 George Musso Bears
7%
1964 George Trafton Bears
7%
1967 Joe Stydahar Bears
7%
2011 Les Richter Rams
7%
1984 Mike McCormack New York Yanks*/Browns
7%
1964 Mike Michalske New York Yankees*/Packers
7%
2007 Roger Wehrli Rams
7%
1964 William Roy "Link"Lyman Canton Bulldogs*/Frankford Yellow Jackets*/Bears
7%
1969 Albert Glen "Turk"Edwards Boston Braves/Commanders
5%
1984 Arnie Weinmeister New York Yankees*/Giants
5%
1966 Bill Dudley Steelers/Lions/Commanders
5%
2011 Chris Hanburger Commanders
5%
1969 Earle "Greasy" Neale Eagles
5%
2020 Ed Sprinkle Bears
5%
1969 Leo Nomellini 49ers
5%
1981 Morris "Red" Badgro New York Yankees*/Giants/Brooklyn Dodgers*
5%
1976 Ray Flaherty New York Yankees*/Giants HC
5%
1968 Wayne Millner Boston Braves/Commanders
5%
1968 Alex Wojciechowicz Lions/Eagles
3%
1971 Frank "Bruiser" Kinard Brooklyn Dodgers*
3%
1966 Joe Guyon Canton Bulldogs*/Washington Senators*/Cleveland Indians*/Oorang Indians*/ Rock Island Independents*/ Kansas City Cowboys*/Giants
3%
1976 Len Ford Browns/Packers
3%
1966 Walt Kiesling Duluth Eskimos*/Pottsville Maroons*/Cardinals/Bears/Packers/Pittsburgh Pirates*
3%
1988 Fred Bilentnikoff Raiders
0%
No matching quizzes found
Score Distribution
Percent of People with Each Score
Percentile by Number Answered
Your Score History
You have not taken this quiz since the last reset